Т. 2; Когнитивная психология. Основы психологии познания
| Parent link: | Когнитивная психология. Основы психологии познания: учебник для вузов/ Б. М. Величковский. Т. 2.— 2-е изд., испр. и доп..— , 2020.— 978-5-534-06808-5 |
|---|---|
| Resumo: | В настоящем учебнике дан обзор современного состояния когнитивной науки — междисциплинарного направления, присутствующего в программах университетской подготовки психологов, лингвистов, нейрофизиологов, философов, информатиков, антропологов, экономистов. Учебник знакомит с понятиями, фактическим материалом и проблемами когнитивных исследований в психологии, с историей, современным состоянием и тенденциями когнитивного подхода. В первом томе изложена история когнитивной науки, трансформация ее подходов, рассматриваются сенсорно-перцептивные процессы, сознание и контроль действия, функциональная структура памяти. Второй том освещает вопросы категоризации и представления знаний, коммуникации и речевой активности, мышления и метапознания, рассматриваются перспективы когнитивной науки. Для студентов и аспирантов, углубленно изучающих психологию познания, а также психологов, лингвистов, информатиков, физиологов, философов и всех специалистов, работа которых связана с учетом познавательных возможностей человека. |
| Idioma: | russo |
| Publicado em: |
2020
|
| Assuntos: | |
| Formato: | MixedMaterials Livro |
| KOHA link: | https://koha.lib.tpu.ru/cgi-bin/koha/opac-detail.pl?biblionumber=344747 |
MARC
| LEADER | 00000nam2a2200000 4500 | ||
|---|---|---|---|
| 001 | 344747 | ||
| 005 | 20231102005710.0 | ||
| 010 | |a 9785534068078 | ||
| 035 | |a (RuTPU)RU\TPU\book\376466 | ||
| 090 | |a 344747 | ||
| 100 | |a 20200327d2020 m y0rusy50 ca | ||
| 101 | 0 | |a rus | |
| 102 | |a RU | ||
| 105 | |a a j 001zy | ||
| 200 | 0 | |a Т. 2 | |
| 210 | |d 2020 | ||
| 215 | |a 386 с. |c ил. | ||
| 320 | |a Библиогр.: с. 339-385 | ||
| 330 | |a В настоящем учебнике дан обзор современного состояния когнитивной науки — междисциплинарного направления, присутствующего в программах университетской подготовки психологов, лингвистов, нейрофизиологов, философов, информатиков, антропологов, экономистов. Учебник знакомит с понятиями, фактическим материалом и проблемами когнитивных исследований в психологии, с историей, современным состоянием и тенденциями когнитивного подхода. В первом томе изложена история когнитивной науки, трансформация ее подходов, рассматриваются сенсорно-перцептивные процессы, сознание и контроль действия, функциональная структура памяти. Второй том освещает вопросы категоризации и представления знаний, коммуникации и речевой активности, мышления и метапознания, рассматриваются перспективы когнитивной науки. Для студентов и аспирантов, углубленно изучающих психологию познания, а также психологов, лингвистов, информатиков, физиологов, философов и всех специалистов, работа которых связана с учетом познавательных возможностей человека. | ||
| 461 | 1 | |0 (RuTPU)RU\TPU\book\367178 |y 978-5-534-06808-5 |t Когнитивная психология. Основы психологии познания |o учебник для вузов |o в 2 т. |f Б. М. Величковский |v Т. 2 |e 2-е изд., испр. и доп. |d 2020 |s Высшее образование | |
| 606 | 1 | |a Когнитивная психология |2 stltpush |3 (RuTPU)RU\TPU\subj\14609 |9 40973 | |
| 610 | 1 | |a познавательные процессы | |
| 610 | 1 | |a категоризация | |
| 610 | 1 | |a знания | |
| 610 | 1 | |a коммуникации | |
| 610 | 1 | |a речевая активность | |
| 610 | 1 | |a мышление | |
| 610 | 1 | |a метапознание | |
| 610 | 1 | |a когнитивные науки | |
| 610 | 1 | |a интеллект | |
| 610 | 1 | |a восприятие | |
| 610 | 1 | |a когнитивные процессы | |
| 610 | 1 | |a умозаключения | |
| 610 | 1 | |a учебники | |
| 686 | |a Ю935.1я73 |v LBC/SL-A |2 rubbk | ||
| 801 | 1 | |a RU |b 63413507 |c 20200327 | |
| 801 | 2 | |a RU |b 63413507 |c 20200625 |g RCR | |
| 942 | |c BK | ||
| 959 | |a 9/20200319 |d 5 |e 909,00 |f УФ:5 | ||